Chansons de EPIC the Musical - Statistiques

Statistiques générales
  • Ce quiz a été pris 316 fois
  • Le résultat moyen est 33 sur 40
Statistiques - réponses
Saga Song Title % Correct
Troy Just a Man
96%
Troy Warrior of the Mind
91%
Troy Open Arms
90%
Troy The Horse and the Infant
90%
Underworld The Underworld
90%
Wisdom God Games
89%
Thunder Scylla
89%
Ocean Ruthlessness
88%
Troy Full Speed Ahead
87%
Underworld Monster
87%
Circe Puppeteer
87%
Vengeance Dangerous
85%
Ithaca Odysseus
85%
Cyclops Remember Them
85%
Thunder Thunder Bringer
85%
Circe Done For
84%
Ocean Keep Your Friends Close
84%
Wisdom Little Wolf
84%
Cyclops Polyphemus
82%
Ocean Storm
82%
Ithaca The Challenge
82%
Circe Wouldn't You Like
82%
Wisdom Legendary
81%
Underworld No Longer You
81%
Circe There Are Other Ways
81%
Thunder Mutiny
79%
Cyclops My Goodbye
79%
Ithaca Would You Fall in Love with Me Again
79%
Wisdom Love in Paradise
78%
Thunder Suffering
78%
Ithaca Hold Them Down
77%
Vengeance Not Sorry For Loving You
76%
Cyclops Survive
75%
Vengeance Get in the Water
74%
Ocean Luck Runs Out
74%
Vengeance Six Hundred Strike
74%
Vengeance Charybdis
69%
Thunder Different Beast
69%
Wisdom We'll Be Fine
68%
Ithaca I Can't Help but Wonder
64%
Aucun quiz correspondant
Distribution des résultats
% des personnes avec chaque résultat
Percentile par nombre de réponses
Votre historique - résultats
Vous n’avez pas pris ce quiz